Informatique et developpement regional. (Record no. 184946)
[ view plain ]
| 000 -LEADER | |
|---|---|
| fixed length control field | 00427cam7a220016900 4500 |
| 001 - CONTROL NUMBER | |
| control field | tmp15941155 |
| 003 - CONTROL NUMBER IDENTIFIER | |
| control field | UPRA |
| 005 - DATE AND TIME OF LATEST TRANSACTION | |
| control field | 20190830103827.0 |
| 008 - FIXED-LENGTH DATA ELEMENTS--GENERAL INFORMATION | |
| fixed length control field | 951114s1977 xx fre u |
| 035 ## - SYSTEM CONTROL NUMBER | |
| System control number | (Sirsi) r25793 |
| 035 ## - SYSTEM CONTROL NUMBER | |
| System control number | (UPRA)tmp15941155 |
| 040 ## - CATALOGING SOURCE | |
| Transcribing agency | UPRA |
| 245 00 - TITLE STATEMENT | |
| Title | Informatique et developpement regional. |
| 260 ## - PUBLICATION, DISTRIBUTION, ETC. | |
| Date of publication, distribution, etc. | 1977. |
| 949 ## - LOCAL PROCESSING INFORMATION (OCLC) | |
| a | HC276.2 |
| w | lcc |
| i | -26198 |
| m | MAIN |
| p | 2500 |
| t | BOOK |
| l | ON-SHELF |
No items available.